Movies Quiz

Random Movies or Disney Quiz

Disney Film by Credits Quiz Stats

 Plays Quiz Updated Aug 6, 2016

Also try: Pixar Characters
Challenge
Share
Tweet
Score 0/20 Timer 06:00
2 Plays Today
% Correct
Toy Story 2
94.6%
Alice in Wonderland
93%
Frozen
91.8%
Cars
91.6%
Up
91.5%
The Aristocats
90.9%
Lady and the Tramp
87.2%
Finding Nemo
87.2%
The Many Adventures of Winnie the Pooh
86.6%
Ratatouille
86.5%
% Correct
The Princess and the Frog
85.3%
Tangled
84%
Monsters, Inc.
83.2%
Dumbo
83.2%
WALL-E
81.6%
Bolt
77.6%
The Incredibles
75.9%
Wreck-It Ralph
71.2%
Peter Pan
66.9%
Big Hero 6
54.6%

You're not logged in!

Compare scores with friends on all Sporcle quizzes.
OR
Log In

You Might Also Like...

Show Comments

Extras

Top Quizzes Today


Score Distribution

Your Account Isn't Verified!

In order to create a playlist on Sporcle, you need to verify the email address you used during registration. Go to your Sporcle Settings to finish the process.

Report this User

Report this user for behavior that violates our Community Guidelines.

Details: